[Event "Superbet Blitz GCT 2019"]
[Site "Bucharest"]
[Date "2019.11.09"]
[Round "8"]
[White "Caruana, Fabiano"]
[Black "Le, Quang Liem"]
[Result "1/2-1/2"]
[WhiteElo "2822"]
[BlackElo "2713"]
[Annotator "TA"]
[PlyCount "188"]
[EventDate "2019.11.09"]
[EventType "tourn"]
[EventCountry "ROU"]
[SourceTitle "playchess.com"]
[Source "ChessBase"]
[SourceQuality "1"]

{[%evp 10,188,28,20,18,8,30,37,27,28,28,23,35,15,41,46,54,53,45,32,97,62,76,39,128,105,165,172,179,161,169,101,96,98,77,90,168,168,175,185,174,166,167,157,175,167,162,170,138,159,364,121,106,106,49,0,13,14,13,13,13,13,13,13,13,0,13,13,13,13,13,8,34,14,108,0,0,0,0,0,0,0,0,0,14,14,14,14,14,8,21,21,21,21,21,21,21,21,21,21,21,21,21,21,21,21,21,21,21,21,21,21,21,21,21,21,21,0,21,21,21,21,21,21,21,21,21,21,21,21,21,21,21,21,21,21,21,21,21,21,21,21,21,0,21,21,21,21,21,21,21,21,21,21,21,21,21,0,0,0,0,0,0,0,0,0,0,0,0,0,0,0,0,0,0,0,0,0,0,0,0]} 1. e4 c5 2. Nf3 Nc6 3. Bb5 g6 4. Bxc6 dxc6 5. d3 Bg7 6. h3 Qc7 {B31: Sicilian: 2...Nc6 3 Bb5 g6} (6... Nf6 7. Nc3 Nd7 8. Be3 e5 9. Qd2 h6 10. O-O b6 11. Nh2 Nf6 12. a3 Be6 13. b4 Nd5 14. exd5 cxd5 15. Qe1 d4 16. Bd2 dxc3 17. Bxc3 {½-½ (33) Dominguez Perez,L (2763)-Abasov,N (2632) Khanty-Mansiysk 2019}) 7. O-O Nf6 8. e5 Nd5 {White is slightly better.} 9. Re1 O-O $146 ({Predecessor:} 9... Bf5 10. a3 Qd7 11. Nbd2 h6 12. Ne4 b6 13. c4 Bxe4 14. Rxe4 {½-½ (53) Dittmar,P (2294)-Nickel,R (2140) Bregenz 2017}) 10. c4 Nb6 11. Nc3 $36 {[%mdl 2048] White has the initiative.} Bf5 12. g4 Be6 13. Qe2 Nd7 14. Bf4 Rae8 ({Black should play} 14... Rfd8 $14) 15. Qd2 Qc8 16. Bg3 f5 (16... Rd8 $14) 17. exf6 $1 $16 {[%mdl 64] Discovered Attack} exf6 (17... Nxf6 $16 {might work better.} 18. Ne5 Bf7) 18. Ne4 $1 $18 Qa8 19. Nd6 Re7 20. Re2 (20. b4 $18) 20... Ne5 $16 21. Nxe5 fxe5 22. Rae1 ({Inferior is} 22. Bxe5 Bxe5 23. Rxe5 Qb8 $17) 22... Rd7 (22... Qb8 $16) 23. Bxe5 $18 Bxg4 24. hxg4 Bxe5 25. Rxe5 Rxd6 26. Re7 {Threatening mate with Qh6!} ({And not} 26. Rxc5 Qd8 $11) 26... Rdf6 27. Qh6 {[%csl Ge7][%cal Rh6h7]} R6f7 28. R1e6 Qc8 {Threatens to win with ...Rxe7.} 29. f3 $1 {aiming for Rxg6+!} Kh8 $2 {[#]} (29... Rxe7 $16 {was called for.} 30. Rxe7 Rf7 31. Rxf7 Kxf7) 30. Rxf7 $2 (30. Rf6 $1 $18 {[%mdl 512] is the precise move to win.} Kg8 {[#]} (30... Rxf6 31. Qxh7#) 31. Rxg6+ $1 {[%mdl 576] Demolition} hxg6 32. Qxg6+ Kh8 33. Rxf7 Rxf7 34. Qxf7) 30... Rxf7 $16 31. Rxg6 Qf8 32. Qxf8+ (32. Qh2 $5 {[%cal Rh2e5]} Qe8 33. Kf2 $16) 32... Rxf8 $14 {[%mdl 4096] Endgame KR-KR} 33. Rd6 {Hoping for Kg2.} Rxf3 34. Rd7 {With the idea Kg2.} Rg3+ 35. Kh2 Rxg4 36. Rxb7 Rg7 $1 {[%cal Rg7b7]} 37. Rb8+ Rg8 38. Rb3 Rg7 39. Ra3 Rd7 40. Kg3 Kg7 41. Kf4 Kf6 (41... Kf7 $11) 42. b3 (42. Ra6 $16) 42... Ke6 $11 {The position is equal.} 43. Ra5 Kd6 44. a3 Rb7 45. b4 cxb4 46. axb4 Rxb4 47. Rxa7 Rb1 48. Rxh7 Re1 49. d4 Rf1+ 50. Ke4 Re1+ 51. Kd3 {Black must now prevent c5+.} Rd1+ 52. Ke3 Re1+ 53. Kd2 Rg1 54. Rh6+ Kd7 55. Kc3 Rg4 56. Rh7+ Kc8 57. Rf7 Rh4 58. Rg7 Rf4 59. Kd3 Rh4 60. c5 Rf4 61. Rh7 Rg4 62. Ke3 Kd8 63. Kd3 Kc8 64. Kc3 Kd8 65. Kc4 Kc8 66. Kd3 Kd8 67. Ke3 Kc8 68. Rf7 Kd8 69. Rf4 Rg1 70. Ke4 Re1+ 71. Kf5 Kd7 72. Rh4 (72. Rf3 {is interesting.} Re7 73. Rh3 Rf7+ 74. Ke4 Re7+ 75. Kd3) 72... Rf1+ 73. Ke5 Re1+ 74. Re4 Rh1 75. Rf4 Re1+ 76. Kf6 (76. Kf5 {keeps more tension.} Re8 77. Rf3 Rf8+ 78. Ke4 Rd8 79. Kd3) 76... Re2 77. Rg4 Rf2+ 78. Ke5 Re2+ 79. Kf4 Rf2+ 80. Ke3 Rf7 81. Ke4 Rh7 82. Kf5 Rh5+ 83. Kf6 (83. Kf4 {seems wilder.} Rh7 84. Ke4 Kc7 85. Kd3 Rh3+ 86. Kc4) 83... Rd5 84. Rh4 Kc8 85. Ke6 $1 Kc7 86. Rg4 Kc8 87. Rf4 Kc7 88. Ke7 Rd7+ 89. Kf6 (89. Ke8 $5 {[%cal Rf4f7]} Kc8 90. Re4 $14) 89... Rd5 90. Re4 Kd7 91. Kg6 $1 Kd8 92. Kf7 Kd7 93. Rf4 Kd8 94. Kf8 Kd7 {Accuracy: White = 68%, Black = 68%.} 1/2-1/2

[Event "Superbet Blitz GCT 2019"]
[Site "Bucharest"]
[Date "2019.11.09"]
[Round "8"]
[White "Giri, Anish"]
[Black "Aronian, Levon"]
[Result "1/2-1/2"]
[WhiteElo "2776"]
[BlackElo "2772"]
[Annotator "TA"]
[PlyCount "73"]
[EventDate "2019.11.09"]
[EventType "tourn"]
[EventCountry "ROU"]
[SourceTitle "playchess.com"]
[Source "ChessBase"]
[SourceQuality "1"]

{[%evp 20,73,20,6,21,19,16,16,29,17,28,12,10,0,8,0,16,9,9,0,6,11,24,22,35,31,33,15,16,16,18,14,19,10,18,8,8,10,20,13,21,20,35,30,30,18,8,0,20,0,20,0,18,0,20,0]} 1. d4 Nf6 2. c4 e6 3. Nf3 d5 4. g3 Be7 5. Bg2 O-O 6. O-O dxc4 7. Qc2 a6 8. a4 Bd7 9. Qxc4 Bc6 10. Bg5 Nbd7 11. Nc3 a5 {E05: Open Catalan: 5 Nf3 Be7} (11... h6 12. Bxf6 Nxf6 13. Rfd1 Bd5 14. Qd3 Bxf3 15. Bxf3 c6 16. e3 a5 17. h4 h5 18. e4 g6 19. Qe3 Re8 {1-0 (47) Grischuk,A (2759)-Dominguez Perez,L (2763) Khanty-Mansiysk 2019}) 12. Rfd1 h6 13. Bxf6 Nxf6 14. e3 Bb4 15. Qe2 $146 ({Predecessor:} 15. Qd3 Qe7 16. Re1 Bxf3 17. Bxf3 c6 18. Red1 Rad8 19. Qc2 c5 {½-½ (75) Vukic,M (2500)-Cvetkovic,S (2470) Cetinje 1991}) 15... Qe7 16. Qc2 Rfd8 17. Rac1 Nd7 18. Ne1 Bxg2 19. Kxg2 c6 20. Nd3 Bd6 21. Ne4 Nf6 22. Nxd6 Qxd6 23. Qb3 (23. h4 {is more complex.} Rac8 24. Qb3 Rb8 25. Qc3 Qc7 26. Ne5) 23... Qd5+ 24. Qxd5 exd5 25. Nc5 Ra7 26. Rc3 Nd7 27. Nd3 Nb6 28. b3 Kf8 29. Rb1 Ke7 30. g4 Nd7 31. h3 Kd6 32. Rbc1 Re8 {The position is equal.} 33. R3c2 Raa8 34. Rb1 Re7 35. Rbc1 Ree8 36. Rb1 Re7 37. Rbc1 {Accuracy: White = 29%, Black = 48%.} 1/2-1/2

[Event "Superbet Blitz GCT 2019"]
[Site "Bucharest"]
[Date "2019.11.09"]
[Round "8"]
[White "Mamedyarov, Shakhriyar"]
[Black "Korobov, Anton"]
[Result "0-1"]
[WhiteElo "2772"]
[BlackElo "2670"]
[Annotator "TA"]
[PlyCount "74"]
[EventDate "2019.11.09"]
[EventType "tourn"]
[EventCountry "ROU"]
[SourceTitle "playchess.com"]
[Source "ChessBase"]
[SourceQuality "1"]

{[%evp 12,74,29,25,35,40,42,36,28,38,43,31,37,41,39,14,11,0,52,66,85,42,112,106,112,112,113,112,118,118,118,119,120,120,103,-4,0,0,0,0,0,-46,0,-8,235,215,997,962,934,618,603,604,559,555,750,-29992,-29993,-29993,-29985,-29985,-29986,-29986,-29987,-29986,-29987]} 1. c4 e6 2. d4 d5 3. Nf3 Nf6 4. Bg5 c6 5. e3 Nbd7 6. Nc3 h6 7. Bh4 g5 {D51: Queen's Gambit Declined: 4 Bg5 Nbd7 sidelines} 8. Bg3 Nh5 9. Qc2 Nxg3 {White is slightly better.} 10. hxg3 Bg7 11. O-O-O O-O 12. Kb1 Qe7 13. e4 $146 {[%mdl 128] White is up to no good.} (13. Bd3 {with more complications.} Rd8 14. cxd5 cxd5 15. Rc1 g4 16. Ne1) ({Predecessor:} 13. cxd5 cxd5 14. g4 Rd8 15. Bd3 {½-½ (55) Esipenko,A (2611)-Artemiev,V (2761) Poikovsky 2019}) 13... dxe4 14. Nxe4 f5 ({Black should try} 14... Rd8 $11) 15. Nc3 $14 c5 16. d5 $1 Nf6 (16... e5 $14) 17. Ne5 $16 exd5 18. Ng6 {[%mdl 64] Double Attack} Qf7 19. Nxf8 {[%cal Rc4d5]} d4 20. Nd5 Qxf8 21. Bd3 Nxd5 22. cxd5 Bd7 {With the idea ...b5.} 23. f4 (23. a4 $16) 23... b5 $1 $11 24. fxg5 $1 c4 25. gxh6 Be5 $1 26. g4 {[%cal Rd3f5]} cxd3 27. Qxd3 fxg4 $2 (27... Qf6 $11 {and Black has nothing to worry.}) 28. Rdf1 $18 Qd6 $2 (28... Qe8 29. Re1 Kh8) 29. Rh5 Re8 30. Rg5+ Kh8 {[#]} 31. Rf7 $1 {[%csl Gd3][%cal Rf7h7]} Qxh6 {And now ...Bf6 would win.} 32. Rxd7 Bf6 {aiming for ...Re3.} 33. Qg6 $4 {[%mdl 8192]} (33. Rxg4 $18 Rc8 {[#]} 34. Rf4 $1 {[%mdl 512]}) 33... Qh1+ {[%mdl 64] Double Attack. Black mates.} 34. Kc2 d3+ 35. Qxd3 Qxg2+ 36. Kd1 Qg1+ 37. Kc2 Qf2+ {Accuracy: White = 62%, Black = 51%.} 0-1

[Event "Superbet Blitz GCT 2019"]
[Site "Bucharest"]
[Date "2019.11.09"]
[Round "8"]
[White "So, Wesley"]
[Black "Anand, Viswanathan"]
[Result "1/2-1/2"]
[WhiteElo "2760"]
[BlackElo "2757"]
[Annotator "TA"]
[PlyCount "74"]
[EventDate "2019.11.09"]
[EventType "tourn"]
[EventCountry "ROU"]
[SourceTitle "playchess.com"]
[Source "ChessBase"]
[SourceQuality "1"]

{[%evp 9,74,6,23,13,15,28,34,33,61,39,124,33,38,37,42,42,46,21,6,15,60,52,88,83,99,97,97,43,104,104,96,99,112,89,112,112,113,118,177,137,178,177,175,162,170,154,151,68,74,89,91,0,0,0,0,0,0,0,5,4,8,0,0,0,6,0,0]} 1. d4 Nf6 2. g3 d5 3. Nf3 c6 4. Bg2 Bf5 5. Nh4 Be4 (5... Be6 6. O-O g6 7. f3 c5 8. dxc5 Bg7 9. f4 Qc8 10. Be3 O-O 11. c3 Bh3 12. Nd2 Bxg2 13. Kxg2 {1-0 (63) Ponkratov,P (2601)-Romanov,E (2619) Sochi 2018}) 6. f3 {D02: 1 d4 d5 2 Nf3 sidelines, including 2...Nf6 3 g3 and 2...Nf6 3 Bf4} Bg6 $1 7. e4 e6 8. e5 $146 {White is slightly better.} ({Predecessor:} 8. O-O Be7 9. c3 Qb6 10. Nd2 Nbd7 11. Re1 O-O-O 12. a4 Kb8 13. a5 {1-0 (27) Bischof,G-Rau,J DESC email 2003}) 8... Nfd7 9. f4 c5 {[#]} ({Better is} 9... Be7 $14) 10. Nxg6 (10. c4 $1 $16 {[%mdl 512]}) 10... hxg6 $14 11. c4 cxd4 12. cxd5 exd5 13. O-O Nc6 14. Bxd5 {next Qb3! is good for White.} Nb6 15. Bg2 Bc5 16. Nd2 O-O 17. Ne4 Be7 18. Qg4 (18. Nf2 $16) 18... Qd7 (18... Nd5 $14) 19. Qxd7 $16 Nxd7 20. Bd2 Rfd8 21. Rac1 Nb6 22. Nc5 Bxc5 23. Rxc5 d3 (23... f6 $16 24. Be4 (24. Bxc6 bxc6 25. Rxc6 Nd5 $16) 24... Kf7) 24. Kf2 Nd4 25. b3 ({But not} 25. Bxb7 $6 Rab8 $16) 25... Ne6 26. Rc3 Rd7 27. Rd1 Rad8 28. Be3 (28. Bf3 $16) 28... Nd5 $1 $14 {[%cal Rd5c3]} 29. Rc4 b5 {[#]} 30. Rc6 (30. Rcc1 $1 $16) 30... Nb4 $11 {The position is equal.} 31. Rcc1 Nxa2 32. Ra1 Nc3 33. Rd2 b4 34. Bxa7 Nb1 $132 {[%mdl 2048] Black has counterplay} 35. Rd1 Nc3 36. Rd2 Nb1 37. Rd1 Nc3 {Accuracy: White = 51%, Black = 43%.} 1/2-1/2

[Event "Superbet Blitz GCT 2019"]
[Site "Bucharest"]
[Date "2019.11.09"]
[Round "8"]
[White "Karjakin, Sergey"]
[Black "Artemiev, Vladislav"]
[Result "1/2-1/2"]
[WhiteElo "2754"]
[BlackElo "2731"]
[Annotator "TA"]
[PlyCount "121"]
[EventDate "2019.11.09"]
[EventType "tourn"]
[EventCountry "ROU"]
[SourceTitle "playchess.com"]
[Source "ChessBase"]
[SourceQuality "1"]

{[%evp 11,121,31,33,17,30,26,24,17,12,7,33,23,27,6,11,-2,81,62,81,76,82,87,83,80,90,56,59,28,35,0,0,0,0,0,0,-54,-47,-91,-72,-61,0,0,0,0,0,0,0,0,0,0,11,11,12,13,24,13,17,0,22,12,38,0,0,-3,0,0,18,15,122,4,23,0,0,0,0,0,0,0,0,0,0,0,0,0,0,0,0,0,0,0,0,0,0,0,0,0,0,0,0,0,0,0,0,0,0,0,0,0,0,0,0,0]} 1. e4 c6 2. d4 d5 3. e5 Bf5 4. Nf3 e6 5. Be2 h6 6. O-O Ne7 7. Nbd2 {B12: Caro-Kann: Advance Variation} Nd7 8. Nb3 g5 9. Ne1 {White has an edge.} (9. a4 Bg7 10. a5 O-O 11. c3 Qc7 12. h4 g4 13. Ne1 h5 14. Nd3 Ng6 {0-1 (47) Alekseenko,K (2668)-Artemiev,V (2757) Izhevsk 2019}) 9... Qc7 10. Nd3 b6 11. Be3 Bg7 12. c3 c5 {White must now prevent ...c4.} 13. Nd2 $146 ({Predecessor:} 13. dxc5 O-O 14. cxb6 Nxb6 {0-1 (59) Darini,P (2481)-Tabatabaei,M (2566) Teheran 2017}) 13... O-O (13... Bg6 $11) 14. f4 $1 $16 c4 15. Nf2 gxf4 16. Bxf4 f6 17. exf6 Qxf4 18. fxg7 Kxg7 19. Bg4 Ng6 20. Qe2 Qg5 21. Bxf5 Nf4 {[%csl Gf4][%cal Rg5g2]} 22. Qg4 exf5 23. Qf3 (23. Qxg5+ $11 hxg5 24. Rae1) 23... Nf6 $1 $15 24. h4 {[%mdl 64] Decoy} Qxh4 {Hoping for ...Rae8.} 25. g3 {[#]} Nh3+ (25... Ne2+ $1 $15 {[%mdl 512]} 26. Kg2 (26. Qxe2 Qxg3+) 26... Qh5) 26. Kg2 $11 Qg5 27. Nxh3 Qxd2+ {[%mdl 64] Double Attack} 28. Rf2 Qd3 29. Qxd3 (29. Re1 {seems wilder.} Qxf3+ 30. Rxf3 Rae8 31. Rxe8 Rxe8 32. Rxf5 Ng4 33. Rh5) 29... cxd3 30. Rd2 Rae8 31. Nf4 Kf7 32. Rxd3 Rg8 33. Rh1 h5 34. Kf3 Re4 35. a4 a5 36. b4 axb4 37. cxb4 Ra8 38. Ra1 h4 39. gxh4 Ng4 {[#]} (39... Rg8 $11) 40. a5 ({White should try} 40. h5 $1 $16) 40... bxa5 41. Rxa5 Nh2+ {The position is equal.} 42. Kg2 Rg8+ 43. Kxh2 Rxf4 44. Rxd5 Rxh4+ 45. Rh3 Rxh3+ 46. Kxh3 {[%mdl 4096] Endgame KR-KR} Ke6 47. Re5+ Kf6 48. Re3 f4 49. Rb3 Kf5 {...Ke4 is the strong threat.} 50. b5 Ke4 {Strongly threatening ...f3.} 51. b6 f3 {( -> ...f2)} 52. b7 f2 53. Rb1 Kxd4 54. Kh2 Ke3 55. Ra1 Rh8+ 56. Kg2 Rg8+ 57. Kh2 Ke2 58. Ra2+ Kf3 {[%cal Rg8h8]} 59. Ra3+ Ke4 60. Ra4+ Ke3 61. Ra3+ {Accuracy: White = 56%, Black = 66%.} 1/2-1/2

[Event "Superbet Blitz GCT 2019"]
[Site "Bucharest"]
[Date "2019.11.09"]
[Round "9"]
[White "Aronian, Levon"]
[Black "Caruana, Fabiano"]
[Result "1/2-1/2"]
[WhiteElo "2772"]
[BlackElo "2822"]
[Annotator "TA"]
[PlyCount "77"]
[EventDate "2019.11.09"]
[EventType "tourn"]
[EventCountry "ROU"]
[SourceTitle "playchess.com"]
[Source "ChessBase"]
[SourceQuality "1"]

{[%evp 15,77,31,64,68,75,66,78,67,79,82,136,143,142,92,215,100,93,96,108,79,93,60,82,58,54,49,45,55,70,79,91,86,93,93,93,74,87,88,97,87,88,86,101,102,112,115,119,119,119,119,119,119,119,119,121,126,122,-205,158,135,168,177,164,120]} 1. e4 e5 2. Nf3 Nc6 3. Bc4 Nf6 4. Ng5 d5 5. exd5 Na5 6. Bb5+ c6 7. dxc6 bxc6 8. Bd3 h6 9. Ne4 {C58: Two Knights: 4 Ng5 d5 5 exd5 Na5 sidelines} Nd5 10. Nbc3 (10. O-O Be7 11. Ng3 h5 12. Re1 h4 13. Nf5 Bf6 14. Be4 Be6 15. d4 Nb6 16. Bd2 Nbc4 17. Bxa5 Nxa5 {1-0 (33) Riazantsev,A (2692)-Sokolov,I (2650) Saint-Quentin 2014}) 10... Be7 11. Ng3 $146 {White is better.} ({Predecessor:} 11. Nxd5 cxd5 12. Bb5+ Kf8 13. Ng3 Qb6 14. Ba4 Ba6 15. d3 g6 16. c3 Kg7 {1-0 (30) Tomcikova,D (1927)-Mrkus,F (2090) Stare Mesto 2017}) 11... O-O 12. Bf5 Bxf5 ({Black should try} 12... g6 13. Bxc8 Rxc8) 13. Nxf5 $16 Bg5 14. d3 Rb8 (14... Bxc1 $16 15. Qxc1 Nb7) 15. O-O (15. Qg4 $1 $18) 15... Bxc1 16. Qxc1 Nf4 17. Re1 Qg5 {[%csl Gf4][%cal Rg5g2]} 18. Ng3 c5 $1 19. Nce2 Nc6 20. Nxf4 exf4 21. Ne4 Qf5 22. f3 Nd4 23. c3 $36 {[%mdl 2048] White has strong initiative.} Ne6 24. Qc2 Rfd8 25. a3 a5 26. Rad1 Rd7 27. Re2 Qd5 28. Qa4 Rdb7 {[#]} 29. Rdd2 $1 ({But not} 29. Qxa5 $6 Rxb2 30. Rxb2 Rxb2 $11) 29... Qd8 30. Qc4 Qb6 31. Nf2 Rd8 32. Ng4 Rbd7 33. Ne5 Rd5 34. Qa4 Qc7 35. Qc6 {Qxc7 is the strong threat.} Qe7 36. Qa6 $2 {[%mdl 8192] [#]} (36. Re1 $16 {and life is bright.}) 36... Qf6 $2 ({Better is} 36... Nc7 $1 $19 37. Nxf7 Qxf7) 37. Ng4 {White is clearly better.} Qg5 38. Nf2 Qf5 39. Qb7 {Accuracy: White = 60%, Black = 49%.} 1/2-1/2

[Event "Superbet Blitz GCT 2019"]
[Site "Bucharest"]
[Date "2019.11.09"]
[Round "9"]
[White "Anand, Viswanathan"]
[Black "Giri, Anish"]
[Result "1/2-1/2"]
[WhiteElo "2757"]
[BlackElo "2776"]
[Annotator "RC"]
[PlyCount "62"]
[EventDate "2019.11.09"]
[EventType "tourn"]
[EventCountry "ROU"]
[SourceTitle "playchess.com"]
[Source "ChessBase"]
[SourceQuality "1"]
[TimeMode "Bronstein"]
[TimeControl "300+3"]

1. e4 {[%emt 0:00:00]} e5 {[%emt 0:00:00]} 2. Nf3 {[%emt 0:00:00]} Nc6 {[%emt 0:00:00]} 3. Bc4 {[%emt 0:00:00]} Nf6 {[%emt 0:00:00]} 4. d3 {[%emt 0:00:00]} Bc5 {[%emt 0:00:00]} 5. O-O {[%emt 0:00:03]} d6 6. c3 {[%emt 0:00:00]} a6 {[%emt 0:00:00]} 7. a4 {[%emt 0:00:00]} Ba7 {[%emt 0:00:00]} 8. Re1 {[%emt 0:00:00]} O-O {[%emt 0:00:00]} 9. h3 {[%emt 0:00:00]} Re8 {[%emt 0:00:00]} 10. Nbd2 {[%emt 0:00:00]} Be6 {[%emt 0:00:00]} 11. Bxe6 {[%emt 0:00:00]} Rxe6 {[%emt 0:00:00]} 12. b4 {[%emt 0:00:00]} d5 {[%emt 0:00:00]} 13. Bb2 {[%emt 0:00:06]} Nh5 {[%emt 0:00:06]} 14. b5 {[%emt 0:00:22]} Nf4 {[%emt 0:00:35]} 15. bxc6 {[%emt 0:00:06]} Rg6 {[%emt 0:00:03]} 16. d4 {[%emt 0:00:18]} Rxg2+ {[%emt 0:00:23]} 17. Kh1 {[%emt 0:00:58]} Qc8 {[%emt 0:00:42]} 18. Ng1 {[%emt 0:00:05]} Rxf2 {[%emt 0:00:20]} 19. Rf1 {[%emt 0:00:30]} Nxh3 {[%emt 0:00:34]} 20. Qh5 {[%emt 0:00:38]} Nf4 {[%emt 0:00:33]} 21. Qxe5 {[%emt 0:00:21]} Nd3 {[%emt 0:00:05]} 22. Qg5 {[%emt 0:01:07]} Rxf1 {[%emt 0:00:46]} 23. Rxf1 {[%emt 0:00:03]} Nxb2 {[%emt 0:00:03]} 24. Qxd5 {[%emt 0:00:08]} bxc6 {[%emt 0:00:03]} 25. Qxf7+ {[%emt 0:00:05]} Kh8 {[%emt 0:00:03]} 26. Ndf3 {[%emt 0:00:03]} Nxa4 {[%emt 0:00:11]} 27. Ne5 {[%emt 0:00:20]} Qe8 {[%emt 0:00:34]} 28. Qc4 {[%emt 0:00:19]} Nb6 {[%emt 0:00:19]} 29. Nf7+ {[%emt 0:00:03]} Kg8 {[%emt 0:00:03]} 30. Nh6+ {[%emt 0:00:03]} Kh8 {[%emt 0:00:03]} 31. Nf7+ {[%emt 0:00:03]} Kg8 {[%emt 0:00:03]} 1/2-1/2

[Event "Superbet Blitz GCT 2019"]
[Site "Bucharest"]
[Date "2019.11.09"]
[Round "9"]
[White "Artemiev, Vladislav"]
[Black "So, Wesley"]
[Result "1/2-1/2"]
[WhiteElo "2731"]
[BlackElo "2760"]
[Annotator "TA"]
[PlyCount "86"]
[EventDate "2019.11.09"]
[EventType "tourn"]
[EventCountry "ROU"]
[SourceTitle "playchess.com"]
[Source "ChessBase"]
[SourceQuality "1"]

{[%evp 10,86,12,13,20,15,27,16,21,7,8,6,14,13,18,5,6,12,8,11,9,15,14,0,2,22,24,7,5,12,12,15,15,16,16,19,19,6,0,0,16,9,16,15,13,16,16,12,8,7,7,-12,-15,-16,-14,-11,-5,-10,-18,-12,-25,-17,-6,-6,-8,-20,-18,-10,0,0,0,0,0,0,0,0,0,0,0]} 1. b3 d5 2. Bb2 Nf6 3. Nf3 e6 4. e3 c5 5. Bb5+ Bd7 6. Be2 Nc6 {A06: Réti Opening:1 Nf3 d5} 7. O-O Bd6 (7... Be7 8. d4 cxd4 9. exd4 O-O 10. Nbd2 Qb6 11. a3 Rfd8 12. Bd3 Be8 13. Re1 Bf8 14. Rb1 {1-0 (52) Kritz,L (2597)-Pavasovic,D (2575) Austria 2007}) 8. d4 O-O 9. Nbd2 Qe7 $146 ({Predecessor:} 9... cxd4 10. exd4 Qc7 11. c4 Ne4 12. Rc1 Nxd2 13. Qxd2 Bf4 14. Qd3 Bxc1 15. Rxc1 {0-1 (32) Daniluk,J (2100)-Lewtak,D (2095) Jastrzebia Gora 2016}) 10. dxc5 Bxc5 11. c4 Ba3 12. Qc1 Bxb2 13. Qxb2 Rfd8 14. a3 e5 15. cxd5 Nxd5 16. Ne4 Bf5 17. Nfd2 Nf6 18. Bf3 Nxe4 19. Nxe4 Be6 20. b4 f5 21. Nc5 e4 22. Nxe6 Qxe6 23. Be2 Ne5 24. Rad1 h6 25. Qb1 Kh7 26. h3 Rac8 27. Rxd8 Rxd8 28. Rd1 Rc8 29. Qb2 Qf6 {[#] And now ...Nf3+! would win.} 30. Kh1 Ng4 31. Qxf6 Nxf6 $11 {[%mdl 4096] Endgame KRB-KRN} 32. Kg1 Rc2 33. Kf1 Ra2 34. g4 fxg4 35. Bxg4 Nxg4 {The position is equal.} 36. hxg4 Rxa3 {KR-KR} 37. Rd4 Ra4 38. Rxe4 a5 39. Re5 $1 Rxb4 {[#] Threatens to win with ...b5.} 40. Rxa5 Rxg4 41. Rb5 Kg6 42. Rb6+ Kf5 43. Rb5+ Kg6 {Accuracy: White = 72%, Black = 82%.} 1/2-1/2

[Event "Superbet Blitz GCT 2019"]
[Site "Bucharest"]
[Date "2019.11.09"]
[Round "9"]
[White "Le, Quang Liem"]
[Black "Mamedyarov, Shakhriyar"]
[Result "1/2-1/2"]
[WhiteElo "2713"]
[BlackElo "2772"]
[Annotator "TA"]
[PlyCount "84"]
[EventDate "2019.11.09"]
[EventType "tourn"]
[EventCountry "ROU"]
[SourceTitle "playchess.com"]
[Source "ChessBase"]
[SourceQuality "1"]

{[%evp 13,84,14,16,16,16,16,16,20,21,25,7,0,0,0,11,28,17,15,49,11,26,-32,-23,-23,-32,-27,-24,-21,-23,-112,-114,-132,-131,-164,-130,-124,-64,-71,-41,-34,20,18,19,12,12,0,0,0,0,0,0,-5,0,0,0,-12,-4,-6,9,12,9,0,0,0,0,0,0,0,0,0,0,0,0]} 1. d4 Nf6 2. c4 g6 3. g3 Bg7 4. Bg2 O-O 5. Nc3 c5 6. Nf3 d5 7. dxc5 Qa5 8. O-O {D74: Fianchetto Grünfeld: Main Line (5 Nf3 0-0 6 cxd5 Nxd5 7 0-0)} dxc4 9. Qd4 Nc6 10. Qxc4 Be6 11. Qh4 Qxc5 12. Be3 Qa5 13. Rfd1 (13. Nd4 Nxd4 14. Qxd4 Nd5 15. Qc5 Qxc5 16. Bxc5 {½-½ (52) Ding,L (2805)-Mamedyarov,S (2764) Saint Louis 2019}) 13... Rfd8 14. Ng5 Bf5 15. Qc4 e6 $146 ({Predecessor:} 15... Rf8) 16. h3 {[#] Black must now prevent g4.} h6 17. Nf3 ({White should try} 17. Nxf7 $11 Kxf7 18. Bxc6 bxc6 19. g4) 17... Nd5 $36 {[%mdl 2048] White is under pressure.} 18. Nxd5 exd5 19. Qb3 d4 20. Bd2 Qa6 21. Bf1 (21. a4 $1 $11 {keeps the balance.}) 21... Be6 $17 22. Qc2 Rac8 {...d3! is the strong threat.} 23. e3 d3 24. Qb1 {[#]} Bf5 ({Better is} 24... Ne5 $1 $17 {[%cal Re5f3]} 25. Nxe5 Bxe5) 25. Bc3 $1 $15 Bxc3 26. bxc3 Qc4 (26... Rc7 $15) 27. Nd4 $11 {The position is equal.} Be4 {White should prevent ...Ne5.} 28. Bxd3 Bxd3 29. Qxd3 Qxd3 30. Rxd3 Ne5 31. Rdd1 Rxc3 32. Kg2 b6 33. a4 Rc5 34. Nb5 Rxd1 35. Rxd1 {[%mdl 4096] Endgame KRN-KRN} Nc6 36. Rd7 a6 37. Nd4 Nxd4 38. Rxd4 b5 39. Rd6 bxa4 40. Rxa6 Rc4 41. g4 Kf8 42. Kg3 Kg7 {Accuracy: White = 56%, Black = 58%.} 1/2-1/2

[Event "Superbet Blitz GCT 2019"]
[Site "Bucharest"]
[Date "2019.11.09"]
[Round "9"]
[White "Korobov, Anton"]
[Black "Karjakin, Sergey"]
[Result "1/2-1/2"]
[WhiteElo "2670"]
[BlackElo "2754"]
[Annotator "TA"]
[PlyCount "59"]
[EventDate "2019.11.09"]
[EventType "tourn"]
[EventCountry "ROU"]
[SourceTitle "playchess.com"]
[Source "ChessBase"]
[SourceQuality "1"]

{[%evp 28,59,0,0,0,0,0,0,0,-62,-72,-67,-74,-69,-69,-68,-58,-74,-78,-68,-69,-110,-72,-92,0,0,0,0,0,0,0,0,0,0]} 1. d4 Nf6 2. c4 e6 3. Nc3 Bb4 4. e3 O-O 5. Bd3 d5 6. Nf3 c5 7. O-O dxc4 8. Bxc4 cxd4 9. exd4 b6 10. Re1 Bb7 11. Bd3 Nc6 12. a3 Be7 13. Bc2 Rc8 14. Qd3 g6 15. Bh6 Re8 {B22: Sicilian: 2 c3} 16. Rad1 Nd5 17. Bb3 (17. Ba4 a6 18. Nxd5 Qxd5 19. Qe3 Bf6 20. Bb3 Qd8 21. Ne5 Qe7 {1-0 (40) Kobalia,M (2666)-Jobava,B (2706) Plovdiv 2012}) 17... Na5 {[#] White must now prevent ...Nxc3.} 18. Ba2 (18. Nxd5 $11 exd5 19. Ba4) 18... Nxc3 $1 $15 19. bxc3 Bd5 $146 {[%cal Rd5a2]} ({Predecessor:} 19... Bf6 20. Ne5 Bd5 21. c4 Bb7 22. Qg3 Qc7 23. Qf4 {1-0 (30) Martin Del Campo C,R (2421)-Blazquez Lopez,B (2075) Dos Hermanas 2003}) 20. Bxd5 Qxd5 21. a4 Nc4 {...Nb2 is the strong threat.} 22. Re2 Bf6 23. h4 Red8 24. Ng5 Qf5 25. Qg3 Nd6 (25... Be7 $17) 26. Rde1 $11 {The position is equal.} Qd5 27. Qf4 Qf5 28. Qg3 Qd5 29. Qf4 Qf5 30. Qg3 {Accuracy: White = 67%, Black = 86%.} 1/2-1/2